000 00757nam a2200205Ii 4500
003 JO-AjNU
008 230605s9999||||xx |||||||||||||| ||und||
040 _aJO-AjNU
_bara
_erda
_cJO-AjNU
041 _aara
050 1 4 _aHF5415.N87 2018
100 3 _aالنسور، إياد عبد الفتاح ، تأليف,
_eauthor
_958049
245 0 0 _aالأصول العلمية للتسوق الحديث: الحرب المحتملة بين مؤسسات الأعمال
250 _aط1
264 3 1 _aعمان: دار صفاء للطباعة والنشر والتوزيع، 2018
300 _a392ص
336 _atext
_btxt
_2rdacontent
337 _aunmediated
_bn
_2rdamedia
338 _avolume
_bnc
_2rdacarrier
650 4 _aالتسوق الحديث
_958050
999 _aA26048
_c29616
_d29616